Statistiques concernant 20 meilleurs joueurs de tennis allemands actuels

Cliquez ici pour prendre le quiz!

Statistiques générales

  • Ce quiz a été pris 74 fois
  • Le résultat moyen est 5 sur 20

Statistiques - réponses

Pos.Class.Joueurs% Correct
19347Zverev
98%
13Zverev
98%
252Struff
60%
696Otte
37%
587Altmaier
30%
8134Kohlschreiber
29%
7126Hanfmann
19%
353Koepfer
19%
482Gojowczyk
16%
18346Brown
14%
11228Marterer
13%
9156Moraing
6%
13247Stebe
6%
15252Kamke
3%
14251Kuhn
3%
10181Masur
3%
12235Bachinger
2%
16297Lenz
2%
20348Fanselow
0%
17310Maden
0%

Distribution des résultats

Percentile par nombre de réponses

% des personnes avec chaque résultat

Votre développement - résultats

Vous n’avez pas pris ce quiz